Fire Emblem Path of Radiance Kingdoms - Statistics

General Stats
  • This quiz has been taken 39 times
  • The average score is 10 of 14
Answer Stats
Hint Answer % Correct
Kingdom Crimea
97%
Kingdom Begnion
88%
Kingdom Daein
88%
Kingdom Gallia
84%
Ruler of Apostle Sanaki
81%
Ruler of King Ashnard
81%
Ruler of King Naesala
81%
Ruler of King Tibarn
75%
Ruler of King Caineghis
69%
Kingdom Kilvas
66%
Kingdom Phoenicis
66%
Kingdom Goldoa
63%
Ruler of King Dheginsea
47%
Ruler of King Ramon
34%
No matching quizzes found
Score Distribution
Percent of People with Each Score
Percentile by Number Answered
Your Score History
You have not taken this quiz